00000000cam 2200000zi 4500
0019.958207
003CaOODSP
00520251211154349
006m     o  d f      
007cr |n|||||||||
008251211s1927    nsc     o    f|0| 0 eng d
040 |aCaOODSP|beng|erda|cCaOODSP
043 |an-cn---
0861 |aFs52-5/35-1927E-PDF
1001 |aWeld, C.B., |eauthor.
24512|aA brief summary of work during the summer of 1927 at the Fisheries Experimental Station at Halifax, N.S. / |cC.B. Weld.
264 1|aHalifax : |bBiological Board of Canada, |c1927.
300 |a1 online resource (5 pages).
336 |atext|btxt|2rdacontent
337 |acomputer|bc|2rdamedia
338 |aonline resource|bcr|2rdacarrier
4901 |aManuscript reports of the experimental stations ; |vno. 35.
500 |aDigitized edition from print [produced by Department of Fisheries and Oceans].
520 |a"An attempt has been made to study the changes occurring in fish during freezing and subsequent cold storage, in an endeavour to determine how the present commercial product may best be improved. This has included a general microscopic examination of the fish treated in various ways, as well as a general microscopic examination and a final comparison of the products by the culinary method"--page 1.
650 0|aFrozen fish|xExperiments.
650 6|aPoisson congelé|xExpériences.
7102 |aBiological Board of Canada, |eissuing body.
830#0|aManuscript reports of the experimental stations ;|vno. 35.|w(CaOODSP)9.948621
85640|qPDF|s1.72 MB|uhttps://publications.gc.ca/collections/collection_2025/mpo-dfo/fs52-5/Fs52-5-35-1927-eng.pdf